Readings in rehabilitation counseling.

Bibliographic Details
Main Author: Patterson, C. H. (Cecil Holden), 1912-2006
Format: Book
Language:English
Published: Champaign, Ill. : Stipes Pub. Co., 1960.
Subjects:

MARC

Tag First Indicator Second Indicator Subfields
LEADER 00000cam a2200000 4500
001 in00000078384
005 20151008052807.0
008 720112s1960 ilu b 00000 eng u
035 |a (OCoLC)00204016 
035 |9 AAH4906AM 
040 |c WSU  |d OCL  |d CHS  |d TXA  |d UtOrBLW 
049 |a TXAM  |c [329704] 
090 |a BF637.C6  |b P2 
092 |a 331.868  |b P317r 
096 |a BF 637.C6 P317r 1960 
100 1 |a Patterson, C. H.  |q (Cecil Holden),  |d 1912-2006. 
245 1 0 |a Readings in rehabilitation counseling. 
264 1 |a Champaign, Ill. :  |b Stipes Pub. Co.,  |c 1960. 
300 |a 324 pages 
336 |a text  |b txt  |2 rdacontent 
337 |a unmediated  |b n  |2 rdamedia 
338 |a volume  |b nc  |2 rdacarrier 
504 |a Includes bibliographies. 
650 0 |a Counseling. 
650 0 |a Vocational rehabilitation. 
999 |a MARS 
999 f f |s b509d141-7c54-320c-bd3d-a1f0f4b212ac  |i 15b18d25-a3d6-3f91-9465-a1ac10363530  |t 0 
952 f f |p ric  |a Texas A&M University  |b Rellis Campus  |c Joint Library Facility  |d Remote Storage  |t 0  |e BF637.C6 P2  |h Library of Congress classification  |i unmediated -- volume  |m A14800722900 
998 f f |a BF637.C6 P2  |t 0  |l Remote Storage